Snatok mahalar tulonamulok sarkar (Record no. 783)
[ view plain ]
| 000 -LEADER | |
|---|---|
| fixed length control field | 00516cam a2200193ua 4500 |
| 008 - FIXED-LENGTH DATA ELEMENTS--GENERAL INFORMATION | |
| fixed length control field | 110421n ii |||gr||||Z||||||asm |
| 040 ## - CATALOGING SOURCE | |
| Transcribing agency | MAIN |
| 082 ## - DEWEY DECIMAL CLASSIFICATION NUMBER | |
| Classification number | 320.3 |
| 245 1# - TITLE STATEMENT | |
| Title | Snatok mahalar tulonamulok sarkar |
| Statement of responsibility, etc. | by Adyanath Chakroborty |
| 250 ## - EDITION STATEMENT | |
| Edition statement | 4th. |
| 260 ## - PUBLICATION, DISTRIBUTION, ETC. | |
| Place of publication, distribution, etc. | Guwahati: |
| Name of publisher, distributor, etc. | Jyoti,994. |
| 300 ## - PHYSICAL DESCRIPTION | |
| Extent | 278p.: |
| Dimensions | 25cm. |
| 700 ## - ADDED ENTRY--PERSONAL NAME | |
| Personal name | Chakroborty, Adyanath., |
| Relator term | |
| 942 ## - ADDED ENTRY ELEMENTS (KOHA) | |
| Koha item type | Books |
| 653 ## - INDEX TERM--UNCONTROLLED | |
| Uncontrolled term | Political science |
| 653 ## - INDEX TERM--UNCONTROLLED | |
| Uncontrolled term | Snatok mahalar tulonamulok sarkar |
| 653 ## - INDEX TERM--UNCONTROLLED | |
| Uncontrolled term | Comparative government |
| Withdrawn status | Lost status | Damaged status | Not for loan | Home library | Current library | Shelving location | Date acquired | Total Checkouts | Full call number | Barcode | Date last seen | Copy number | Price effective from | Koha item type |
|---|---|---|---|---|---|---|---|---|---|---|---|---|---|---|
| Central Library, Naharkatiya College | Central Library, Naharkatiya College | 19/09/2020 | 320.3 | CHA | 952 | 19/09/2020 | 1 | 19/09/2020 | Books | ||||||
| Central Library, Naharkatiya College | Central Library, Naharkatiya College | 19/09/2020 | 320.3 | CHA | 953 | 19/09/2020 | 2 | 19/09/2020 | Books |
